Group analysis of differential equations /
Guardado en:
| Autor Principal: | |
|---|---|
| Otros Autores: | |
| Formato: | Libro |
| Idioma: | English Russian |
| Publicado: |
New York :
Academic Press,
1982.
|
| Materias: | |
| Etiquetas: |
Agregar Etiqueta
Sin Etiquetas, Sea el primero en etiquetar este registro!
|
| LEADER | 01080pam a2200289 a 4500 | ||
|---|---|---|---|
| 001 | MAT.inmabb003101 | ||
| 008 | 820318s1982####nyu######b####001#0#eng## | ||
| 005 | 20130319010347.0 | ||
| 245 | 1 | 0 | |a Group analysis of differential equations / |c L. V. Ovsiannikov ; translation edited by W. F. Ames. |
| 260 | |a New York : |b Academic Press, |c 1982. | ||
| 300 | |a xvi, 416 p. ; |c 24 cm. | ||
| 500 | |a Traducción de: Gruppovoi analiz differentsial´nykh uravnenii. 1978. | ||
| 504 | |a Incluye referencias bibliográficas e índice. | ||
| 510 | 4 | |a MR, |c 83m:58082 | |
| 020 | |a 0125316801 |z 0125318011 | ||
| 100 | 1 | |a Ovsiannikov, L. V. |q (Lev Vasil´evich) | |
| 240 | 1 | 0 | |a Gruppovoi analiz differentsial´nykh uravnenii. |l Inglés |
| 700 | 1 | |a Ames, William F. |4 edt | |
| 650 | 0 | |a Differential equations. | |
| 650 | 0 | |a Transformation groups. | |
| 084 | |a 58G35 (35A30 58H15) |2 MR | ||
| 084 | |a 58G35 (00A69 34-02 35-02 58H10) (original) |2 MR | ||
| 084 | |a 58J70 (35A30) |2 msc2000 | ||
| 010 | |a 82004096 | ||
| 040 | |a DLC |c DLC |d DLC | ||
| 041 | 1 | |a eng |h rus | |
| 859 | |h 58 |i Ov96 |p A-6144 |b BIB. MATEMATICA | ||
